00695nam a2200241 i 4500001000300000100002400003245008400027250001400111260003600125300003300161650003500194655001800229655002400247020001500271040000800286041000700294080001900301920001800320942000700338008004100345999001700386952005000403bg1 aWATCYN-JONES, Peter10aTarget vocabulary 2 :b[pre-intermediate / intermediate] /cPeter Watcyn-Jones. a3rd impr. aLondon :bPenguin Books,c2000. aIV, 188 s. :brys. ;c24 cm. 9aJęzyk angielskixsłownictwo aPodręczniki aSprawdziany i testy a0140813888 cBPK0 aen a811.111'37(07) a0-14-081388-8 cKS s pl f |000 0 pol  c40398d40398 00104071aBPKbBPKcmho61145p01636185yKS